000 00211 a2200097 4500
001 14025
100 _aHampden J
245 _aTwenty four one act plays
260 _aLondon
_bJ M Dent
_c
090 _c10982
_d10982
942 _aNUST-CAE
_cM
_c1094
999 _c249098
_d249098